Inauguraciones en el Berguedà y Lluçanès
Publicado:
San Jorge, núm. 86 - 87 (2n i 3r trimestre 1972), pàg 25 - 29 :
MARC
| LEADER | 00000nam a2200000Ia 4500 | ||
|---|---|---|---|
| 001 | |||
| 008 | 160829s9999 xx 000 0 cat d | ||
| 245 | |a Inauguraciones en el Berguedà y Lluçanès | ||
| 260 | |a San Jorge, núm. 86 - 87 (2n i 3r trimestre 1972), pàg 25 - 29 | ||
| 600 | 0 | |a Muller i d'Abadal, Josep M., |d 1919-1981 |9 28922 | |
| 650 | |a Esglésies |x Nou de Berguedà (Berguedà) |x Conservació i restauració |9 46222 | ||
| 650 | |a Esglésies |x Sant Feliu Sasserra |x Conservació i restauració |9 46223 | ||
| 901 | |a Arxiu | ||
| 942 | |n 1 | ||
| 952 | |0 0 |1 0 |4 0 |7 1 |9 53094 |a Arxiu |b Arxiu |d 2016-12-01 |l 0 |r 2016-12-01 00:00:00 |w 2016-12-01 |y ARXIU | ||
| 999 | |c 56943 |d 56943 | ||